Orientujeme se na evropský trh

Saved in:
Bibliographic Details
Main Author: Dvořák, Pavel
Format: Book
Language:Czech
Published: Praha Servis průmyslu a obchodu 1992
Edition:1. vyd.
Subjects:
Tags: Add Tag
No Tags, Be the first to tag this record!

MARC

LEADER 00000nam a2200000 4500
001 c001124
005 20221214090238.3
041 0 |a cze 
044 |a CZ 
245 1 0 |a Orientujeme se na evropský trh  |c Pavel Dvořák 
250 |a 1. vyd. 
264 1 |a Praha  |b Servis průmyslu a obchodu  |c 1992 
300 |a 47 s. 
610 2 0 |a dohody obchodné medzinárodné 
610 2 0 |a oblasti obchodu voľného 
610 2 0 |a ČSFR 
610 2 0 |a pohyb síl pracovných medzinárodný 
610 2 0 |a spolupráca hospodárska medzinárodná 
610 2 0 |a Európske spoločenstvá 
100 1 |a Dvořák, Pavel